000 00203 a2200097 4500
001 3984
100 _aGay,H
245 _aanalytic geometry & calculas
260 _a
_bMcgrawhill
_c
090 _c3213
_d3213
942 _aNUST-CAE
_cM
_c24592
999 _c239057
_d239057